000
00233nam a2200097Ia 4500
008
190216s9999||||xx |||||||||||||| ||und||
100
_a
Glassarg S C
245
4
_a
The Ground Work Of English Composission
260
_b
Null
942
_c
BK
999
_c
12353
_d
12353